Comércio exterior e negociações internacionais (Record no. 136334)

MARC details
000 -LÍDER
campo de controle de tamanho fixo 00536 a2200169 4500
001 - NÚMERO DE CONTROLE
campo de controle 136334
020 ## - ISBN - INTERNATIONAL STANDARD BOOK NUMBER
ISBN - International Standard Book Number 9788502060098
040 ## - FONTE DA CATALOGAÇÃO
Instituição que transcreveu o registro Leonardo Da Vinci
041 ## - CÓDIGO DE IDIOMA
Código do idioma do texto/trilha sonora ou título diferente Português
082 ## - CDD - CLASSIFICAÇÃO DECIMAL DE DEWEY
Número de Classificação 382 M176c
Número do exemplar M176c
100 ## - ENTRADA PRINCIPAL--NOME PESSOAL
Nome pessoal MAGNOLI, Demétrio
-- SERAPIÃO JUNIOR, Carlos
245 ## - TÍTULO
Título Comércio exterior e negociações internacionais
Restante do título teoria e prática
260 ## - PUBLICAÇÃO, DISTRIBUIÇÃO, ETC.
Nome do editor, distribuidor, etc. Saraiva
Data da publicação, distribuição, etc. 2008
Local de publicação, distribuição, etc. São Paulo
362 ## - DATAS DE PUBLICAÇÃO E/OU DESIGNAÇÃO SEQUENCIAL
Datas de publicação e/ou designação sequencial 20080000
697 ## - ENTRADA DE ASSUNTO LOCAL--ENTIDADE COLETIVA (RLIN)
Nome corporativo ou nome da jurisdição Comércio internacional
-- Relações internacionais
-- Comércio exterior
-- Economia
-- FIPEN
942 ## - ELEMENTOS DE ENTRADA ADICIONADOS (KOHA)
Tipo de material Koha Livros
Holdings
Situação do descarte Situação das perdas Situação física Não pode ser emprestado Biblioteca de origem Biblioteca atual Data de aquisição Total de empréstimos Número de chamada completo Código de barras Data de último acesso Data do preço efetivo Tipo de material Koha
        Leonardo Da Vinci - Osasco Leonardo Da Vinci - Osasco 27/03/2024   382 M176c O012482 27/03/2024 27/03/2024 Livros